000 00444ngm a2200169 i 4500
001 C2-0303301
003 PPAK
005 20180727220350.0
008 100322s2009 xxu|||| ||||| | vleng d
040 _aPPAK
_beng
_cPPAK
_erda
245 0 0 _aRacetrack Tech
264 1 _aUnited States :
_bA&E Television Networks ,
_c2009
336 _2rdacontent
_atext
337 _2rdamedia
_aunmediated
338 _2rdacarrier
_avolume
942 _2ddc
_cDVD
999 _c166167
_d166167